000 00988nam a22002897a 4500
001 7420
003 FISKH
005 20250714145952.0
008 250714b cb ||||| |||| 00| 0 eng d
020 _a9780721421223
040 _aFISKH
_beng
_cFISKH
_dFISKH
050 _aPZ7
082 _a428.6
100 _aLyes, Lucy
245 _aFrank's Frock /
_cby Lucy Lyes ; illustrated by Sami Sweeten
260 _aLondon :
_bLady Bird,
_c2000.
300 _a31 pages :
_bcolor illustrations ;
_c18 cm
490 _aPhonics :
_vBook 6
505 _aE
520 _aThis story is designed to help beginner readers grasp the important link between sounds and the letters that represent them. Helps to build reading confidence Supports early learning skills Includes advice on how to teach your child
521 8 _a200
_bLexile estimate
521 8 _aE
_bRaz-Plus
650 _aPhonics
_vUnchecked
700 _aSweeten, Sami
942 _2ddc
_cBK
_n0
999 _c7420
_d7420